| 000 | 00879nmm a2200301 a 4500 | ||
|---|---|---|---|
| 003 | AR-BaBNM | ||
| 005 | 20251128203251.0 | ||
| 008 | 267019s1966 ||||||||||||||000 | spa|| | ||
| 040 | _cAR-BaBNM | ||
| 100 | 1 | _aRousseau, Charles | |
| 245 | 1 | 0 | _aDerecho internacional público profundizado |
| 260 |
_aBuenos Aires _bLa Ley _c1966 |
||
| 300 | 0 | _a468 p. | |
| 500 | 0 | _aLista de abreviaturas p. 435 | |
| 500 | 0 | _aIndice alfabético p. 437-441 | |
| 500 | 0 | _aIndice general p. 445-468 | |
| 504 | _aContiene bibliografía a pie de página | ||
| 650 | 4 | _aDERECHO INTERNACIONAL PUBLICO | |
| 650 | 4 | _aFUENTES DEL DERECHO | |
| 650 | 4 | _aTRATADOS | |
| 650 | 4 | _aDERECHO CONSUETUDINARIO | |
| 650 | 4 | _aCONFLICTO INTERNACIONAL | |
| 650 | 4 | _aSOBERANIA | |
| 650 | 4 | _aRESPONSABILIDAD DEL ESTADO | |
| 700 | 1 |
_aGarcía Daireaux, Delia _etraductor |
|
| 942 | _cBK | ||
| 998 | _cAndrea | ||
| 999 |
_c2628 _d2628 |
||